| 000 | 00945nam a22003017a 4500 | ||
|---|---|---|---|
| 003 | CHAP | ||
| 005 | 20220817042021.0 | ||
| 008 | 971013s1977 r 00010 d | ||
| 010 | _a31946 | ||
| 011 | _a32918 | ||
| 035 | _a37033 | ||
| 040 | _cCHAP | ||
| 082 |
_a620.136 _bN4 |
||
| 100 | 0 | 0 |
_aNeville, Adam M. _980966 |
| 245 | _aTecnología del concreto | ||
| 260 |
_aMéxico, D. F. : _bInstituto Mexicano del Cemento y del Concreto, _c1977 |
||
| 300 |
_a2 v. _b: ilus. ; gráfs. |
||
| 490 | _aNueva serie IMCYC | ||
| 590 |
_aBATCH-UPD _b10 _c20130110 _lUCH01 _h0049 |
||
| 590 |
_aBATCH-UPD _b10 _c20130110 _lUCH01 _h1756 |
||
| 590 |
_aCONVERSION _b10 _c20130109 _lUCH01 _h1318 |
||
| 650 | 1 | 4 |
_aConcreto. _926302 |
| 830 | 0 | _aNueva serie IMCYC | |
| 901 | _aBK | ||
| 942 | _cLIBRO | ||
| 949 |
_a620.136 N4 _bBC _cLIBRO _d33724000014049 _eLIBRO _fv.1 _h58281 _i37033 _si |
||
| 949 |
_a620.136 N4 _bBC _cLIBRO _d33724000982609 _eLIBRO _fv.2 _h58282 _i37033 _si |
||
| 999 |
_c31946 _d31946 |
||